Budapesti sportrendezvények hatásai a turizmusra 2017-2023 között

Bibliographic Details
Main Author: Rácz Béla Benedek
Other Authors: Fábián Tamás Zoltán
Format: Thesis
Kulcsszavak:Budapest
nemzetközi olimpiai bizottság
olimpia
országimázs
sport
sportrendezvények
turizmus
Online Access:http://dolgozattar.uni-bge.hu/59465

MARC

LEADER 00000nta a2200000 i 4500
001 dolg59465
005 20260409145109.0
008 260409suuuu hu om 000 hun d
040 |a BGE Dolgozattár Repozitórium  |b hun 
041 |a hu 
100 1 |a Rácz Béla Benedek 
245 1 0 |a Budapesti sportrendezvények hatásai a turizmusra 2017-2023 között  |c Rácz Béla Benedek  |h [elektronikus dokumentum] 
520 3 |a A téma kiemelkedően időszerű és releváns, hiszen az elmúlt években számos jelentős sportesemény zajlott Budapesten, amelyek közvetlen és közvetett hatással voltak a város gazdasági, turisztikai és társadalmi életére. Ezek az események nemcsak a város nemzetközi hírnevét erősítették, hanem jelentős gazdasági bevételeket és turisztikai növekedést is generáltak. Mindamellett indoklásként szolgál, hogy a sportrendezvények tervezése és lebonyolítása jelentős társadalmi és gazdasági erőforrásokat igényel, ezért fontos megérteni, hogy ezek a befektetések mennyire járulnak hozzá a város és az ország fejlődéséhez. 
695 |a Budapest 
695 |a nemzetközi olimpiai bizottság 
695 |a olimpia 
695 |a országimázs 
695 |a sport 
695 |a sportrendezvények 
695 |a turizmus 
700 1 |a Fábián Tamás Zoltán  |e ths 
856 4 0 |u http://dolgozattar.uni-bge.hu/59465/1/SZAKDOLGOZAT_1_v%C3%A9gleges_R%C3%81CZ_B%C3%89LA_BENEDEK.pdf  |z Dokumentum-elérés 
856 4 0 |u http://dolgozattar.uni-bge.hu/59465/2/R%C3%A1cz%20B%C3%A9la_BA_magyar_F%C3%A1bi%C3%A1n%20Tam%C3%A1s_konzulensi.pdf  |z Dokumentum-elérés 
856 4 0 |u http://dolgozattar.uni-bge.hu/59465/3/B%C3%ADr%C3%A1lati%20lap_BSc_R%C3%A1cz%20B%20v.pdf  |z Dokumentum-elérés